| 000 | 00000nam##2200000za#4500 |
| 001 | 9.647310 |
| 003 | CaOODSP |
| 005 | 20210615112615 |
| 007 | ta |
| 008 | 150407|1999||||xxc||||| f|0| 0 eng|d |
| 020 | |a0-662-27758-9 |
| 040 | |aCaOODSP|beng |
| 043 | |an-cn--- |
| 086 | 1 |aH76-58/1999E |
| 110 | 1 |aCanada.|bHuman Resources Development Canada. |bOld Age Security Program. |
| 245 | 10|aOld age security pension |
| 260 | |aOttawa - Ontario : |bHuman Resources Development Canada. |c1999. |
| 300 | |a21p. ; |c22 cm. |
| 563 | |aSoftcover |
| 590 | |a00-24|b2000-06-16 |
| 690 | 07|aIncome security|2gcpds |
| 690 | 07|aPensions|2gcpds |
| 775 | 08|tPension de la sécurité de la vieillesse |w(CaOODSP)9.680735 |
| 986 | |aISPB-185-03-99E |